Control de plagas de plantas y animales / (Record no. 204576)
[ view plain ]
| 000 -CABECERA | |
|---|---|
| campo de control de longitud fija | 00858nam a2200289Ia 4500 |
| 001 - NÚMERO DE CONTROL | |
| campo de control | Para_2110 |
| 003 - IDENTIFICADOR DEL NÚMERO DE CONTROL | |
| campo de control | CHAP |
| 008 - DATOS DE LONGITUD FIJA--INFORMACIÓN GENERAL | |
| campo de control de longitud fija | 220125s1989 xx 000 0 und d |
| 010 ## - NÚMERO DE CONTROL DE LA BIBLIOTECA DEL CONGRESO | |
| Número de control de LC | 204576 |
| 040 ## - FUENTE DE LA CATALOGACIÓN | |
| Centro/agencia transcriptor | CHAP |
| 082 ## - NÚMERO DE LA CLASIFICACIÓN DECIMAL DEWEY | |
| Número de clasificación | PA 632.9 N3 |
| 110 ## - ENTRADA PRINCIPAL--NOMBRE DE ENTIDAD CORPORATIVA | |
| Nombre de entidad corporativa o nombre de jurisdicción como elemento de entrada | National Academy of Sciences |
| 9 (RLIN) | 80295 |
| 245 ## - MENCIÓN DE TÍTULO | |
| Título | Control de plagas de plantas y animales / |
| Mención de responsabilidad, etc. | por National Academy of Sciences |
| 260 ## - PUBLICACIÓN, DISTRIBUCIÓN, ETC. | |
| Lugar de publicación, distribución, etc. | México, D.F. : |
| Nombre del editor, distribuidor, etc. | Limusa |
| 300 ## - DESCRIPCIÓN FÍSICA | |
| Extensión | 8v. |
| 500 ## - NOTA GENERAL | |
| Nota general | Trad. de: Plant disease development and control |
| 650 ## - PUNTO DE ACCESO ADICIONAL DE MATERIA--TÉRMINO DE MATERIA | |
| Término de materia o nombre geográfico como elemento de entrada | Agricultura |
| Subdivisión general | plagas |
| -- | colecciones escritos |
| 9 (RLIN) | 170506 |
| 650 ## - PUNTO DE ACCESO ADICIONAL DE MATERIA--TÉRMINO DE MATERIA | |
| Término de materia o nombre geográfico como elemento de entrada | Control de plagas |
| 9 (RLIN) | 27595 |
| 650 ## - PUNTO DE ACCESO ADICIONAL DE MATERIA--TÉRMINO DE MATERIA | |
| Término de materia o nombre geográfico como elemento de entrada | Malas hierbas |
| Subdivisión general | control |
| 9 (RLIN) | 70011 |
| 901 ## - ELEMENTOS DE DATOS A LOCAL LDA (RLIN) | |
| a | PA 632.9 N3 |
| 902 ## - ELEMENTOS DE DATOS B LOCAL, LDB (RLIN) | |
| a | A |
| 905 ## - ELEMENTOS DE DATOS E LOCAL, LDE (RLIN) | |
| a | 0000001989 0000000000 00 |
| 910 ## - DATOS DE OPCIÓN DEL USUARIO (OCLC) | |
| Datos de opción del usuario | 1989 |
| 942 ## - ELEMENTOS DE PUNTO DE ACCESO ADICIONAL (KOHA) | |
| Tipo de ítem Koha | Parasitologia_ |
| 942 ## - ELEMENTOS DE PUNTO DE ACCESO ADICIONAL (KOHA) | |
| Tipo de ítem Koha | Parasitologia_ |
| -- | 1 |
| Estado de retiro | Estado de pérdida | Fuente del sistema de clasificación o colocación | Estado dañado | Restricciones de uso | No para préstamo | Código de colección | Localización permanente | Ubicación/localización actual | Fecha de adquisición | Número de inventario | Total de préstamos | Signatura topográfica completa | Código de barras | Fecha visto por última vez | Número de copia | Precio válido a partir de | Tipo de ítem Koha | Nota pública |
|---|---|---|---|---|---|---|---|---|---|---|---|---|---|---|---|---|---|---|
| Dewey Decimal Classification | Préstamo interno | General | Parasitologia Agricola | Parasitologia Agricola | 27/10/2005 | (PA_5716) (No. UACh C/E) | PA 632.9 N3 V.8 | 4102002621 | 25/01/2022 | V.8 Ej.1 | 25/01/2022 | Libro | 3 | |||||
| Dewey Decimal Classification | Préstamo interno | General | Parasitologia Agricola | Parasitologia Agricola | 27/10/2005 | (PA_7819) (No. UACh C/E) | PA 632.9 N3 | 4102002614 | 25/01/2022 | V.1 Ej.1 | 25/01/2022 | Libro | 3 | |||||
| Dewey Decimal Classification | Préstamo interno | General | Parasitologia Agricola | Parasitologia Agricola | 27/10/2005 | (PA_5710) (No. UACh C/E) | PA 632.9 N3 | 4102002615 | 25/01/2022 | V.2 Ej.1 | 25/01/2022 | Libro | 3 | |||||
| Dewey Decimal Classification | Préstamo interno | General | Parasitologia Agricola | Parasitologia Agricola | 27/10/2005 | (PA_5711) (No. UACh C/E) | PA 632.9 N3 | 4102002616 | 25/01/2022 | V.3 Ej.1 | 25/01/2022 | Libro | 3 | |||||
| Dewey Decimal Classification | Préstamo interno | General | Parasitologia Agricola | Parasitologia Agricola | 27/10/2005 | (PA_5712) (No. UACh C/E) | PA 632.9 N3 | 4102002617 | 25/01/2022 | V.4 Ej.1 | 25/01/2022 | Libro | 3 | |||||
| Dewey Decimal Classification | Préstamo interno | General | Parasitologia Agricola | Parasitologia Agricola | 27/10/2005 | (PA_5713) (No. UACh C/E) | PA 632.9 N3 | 4102002618 | 25/01/2022 | V.5 Ej.1 | 25/01/2022 | Libro | 3 | |||||
| Dewey Decimal Classification | Préstamo interno | General | Parasitologia Agricola | Parasitologia Agricola | 27/10/2005 | (PA_5714) (No. UACh C/E) | PA 632.9 N3 | 4102002619 | 25/01/2022 | V.6 Ej.1 | 25/01/2022 | Libro | 3 | |||||
| Dewey Decimal Classification | Préstamo interno | General | Parasitologia Agricola | Parasitologia Agricola | 27/10/2005 | (PA_5715) (No. UACh C/E) | PA 632.9 N3 | 4102002620 | 25/01/2022 | V.7 Ej.1 | 25/01/2022 | Libro | 3 |
